000 00578nam a22002177a 4500
005 20211029093156.0
008 211029b ||||| |||| 00| 0 eng d
020 _a0670855200
040 _cAL
041 _aeng
082 _223
_a362.5
_bKOTG
100 _aRajni Kothari
_99249
245 _aGrowing Amnesia
300 _ax,185 p.
_bHB
_c22x14 cm.
365 _b195.00
_c
_d195.00
650 _aSocial Welfare Problems and Service
_99250
650 _aEconomic History
_99251
650 _aEconomic Policy
_99252
700 _aKOTHARI (Rajni)
_99253
942 _2ddc
_cGF
999 _c220273
_d220273